Northern Sea Route and Its Geoeconomic Importance
Topením arktického ľadu v posledných desaťročiach vznikli nové príležitosti pre Ázijské krajiny na prepravu vyrobeného tovaru. Hlavné faktory, súvisiace so Severnou morskou cestou, ktoré môžu prispieť k rastu atraktivity tejto trasy. Faktory, obmedzujúce komercializáciu tejto trasy v členení na príp...
Salvato in:
| Autore principale: | |
|---|---|
| Altri autori: | |
| Natura: | Capitolo di libro |
| Lingua: | inglese |
| Soggetti: | |
| Tags: |
Nessun Tag, puoi essere il primo ad aggiungerne!!
|
MARC
| LEADER | 00000naa a2200000 4500 | ||
|---|---|---|---|
| 001 | 0289471 | ||
| 005 | 20240502083928.0 | ||
| 041 | 0 | |a eng | |
| 044 | |a SG | ||
| 245 | 1 | 0 | |a Northern Sea Route and Its Geoeconomic Importance |c Martin Grešš, Mariia I. Ermilova |
| 520 | |a Topením arktického ľadu v posledných desaťročiach vznikli nové príležitosti pre Ázijské krajiny na prepravu vyrobeného tovaru. Hlavné faktory, súvisiace so Severnou morskou cestou, ktoré môžu prispieť k rastu atraktivity tejto trasy. Faktory, obmedzujúce komercializáciu tejto trasy v členení na prípady dodávok energie zo zariadení Sabetta a Nového prístavu. | ||
| 610 | 2 | 0 | |a Arktída |
| 610 | 2 | 0 | |a obchod |
| 610 | 2 | 0 | |a obchod medzinárodný |
| 610 | 2 | 0 | |a obchod svetový |
| 610 | 2 | 0 | |a obchod zahraničný |
| 610 | 2 | 0 | |a obchodníci |
| 610 | 2 | 0 | |a tovar |
| 610 | 2 | 0 | |a cesty |
| 610 | 2 | 0 | |a cesty dopravné |
| 610 | 2 | 0 | |a cesty vodné |
| 610 | 2 | 0 | |a Rusko |
| 610 | 2 | 0 | |a preprava |
| 610 | 2 | 0 | |a doprava |
| 610 | 2 | 0 | |a doprava lodná |
| 610 | 2 | 0 | |a doprava námorná |
| 610 | 2 | 0 | |a doprava vodná nákladná |
| 100 | 1 | |a Grešš, Martin, 1978- | |
| 700 | 1 | |a Ermilova, Mariia I. | |